Korn quiz - Statistics

General Stats
  • This quiz has been taken 141 times
  • The average score is 8 of 15
Answer Stats
Hint Answer % Correct
_____ on the leash Freak
99%
Genre wchich the band pioneered Nu Metal
89%
Singer Jonathan Davis/JD/JDevil
78%
What hairstyle is typical for Korn members Dreads/Dreadlocks
76%
A.D.I.D.A.S All day I dream about sex
74%
How many strings does the guitar in Korn have Seven/7
73%
Song about singer’s childhood trauma (last track on the first album) Daddy
70%
What instrument can the singer play Bagpipes
64%
Guitarist (Head) Brian Welch
43%
Bassist Fieldy/Reginald Arvizu
39%
Let the _____ go Guilt
34%
Guitarist (Munky) James Shaffer
30%
Drummer Ray Luzier
30%
What is the singer known for that is unique to this band (within the genre at least) Scatting/beatboxing
26%
Who designed the iconic silver mic stand Giger/H.R. Giger
11%
No matching quizzes found
Score Distribution
Percent of People with Each Score
Percentile by Number Answered
Your Score History
You have not taken this quiz